Missing Word: Songs in the City Quiz Stats

Quiz Updated Oct 14, 2016

Challenge
Share
Tweet
Embed
Score 0/16 Timer 03:00
0 Plays Today
Song City % Correct
________ State of MindNew York
85.9%
________ CallingLondon
72.3%
________ Rock CityDetroit
56.8%
Do You Know The Way To ________San Jose
49.9%
________ (Not Constantinople)Istanbul
48.6%
Waking Up In ________Vegas
48.3%
To ________ With LoveParis
46.8%
________ FreedomPhiladelphia
43.7%
Song City % Correct
Saints of _____L.A.
42.9%
Save Me ________San Francisco
41.1%
I'm in ________ TrickMiami
41%
The Little Old Lady From ________Pasadena
39.9%
By The Time I Get To ________Phoenix
30.7%
September in ________Seattle
20.8%
Wall of ________Berlin
20.1%
Stranger in ________Moscow
15.4%

Today's Daily Dose

You're not logged in!

Compare scores with friends on all Sporcle quizzes.
Sign Up with Email
OR
Log In

You Might Also Like...

Show Comments

Extras

Top Quizzes Today


Score Distribution

Your Account Isn't Verified!

In order to create a playlist on Sporcle, you need to verify the email address you used during registration. Go to your Sporcle Settings to finish the process.